Wolverine /

"The best is back! Wolverine has been through a lot. He's been a loner. He's been a killer. He's been a hero. He's been an Avenger. He's been to hell and back. Now, as the nation of Krakoa brings together all mutantkind, can he finally be...happy? With his family all to...

Full description

Bibliographic Details
Main Author: Percy, Benjamin (Author)
Other Authors: Kubert, Adam (cover artist.), Martin, Frank, 1981 September- (color artist,, cover artist.), Wilson, Matthew, 1981- (color artist.), Petit, Cory (letterer.)
Format: Book
Language:English
Published: New York, NY : Marvel Worldwide, Inc., (2020)-
Subjects:

MARC

Tag First Indicator Second Indicator Subfields
LEADER 00000cam a22000008i 4500
001 in00004400721
005 20241025182307.3
008 201125t20209999nyua e 6 000 1 eng d
035 |a (OCoLC)on1224194037 
040 |a OI6  |b eng  |e rda  |c OI6  |d OI6  |d OCLCO  |d OCLCF  |d TXA 
020 |a 9781302921828  |q (v. 1)  |q (paperback) 
020 |a 1302921827  |q (v. 1)  |q (paperback) 
020 |a 9781302921835  |q (v. 2)  |q (paperback) 
020 |a 1302921835  |q (v. 2)  |q (paperback) 
020 |a 9781302927257  |q (v. 3)  |q (paperback) 
020 |a 1302927256  |q (v. 3)  |q (paperback) 
035 |a (OCoLC)1224194037 
082 0 4 |a 741.5/973  |2 23 
090 |a PN6728.W59  |b P47 2020 
049 |a TXAM 
100 1 |a Percy, Benjamin,  |e author. 
245 1 0 |a Wolverine /  |c Benjamin Percy, writer ; Adam Kubert (#1A, #2-3), Viktor Bogdanovic (#1B, #4-5), artists ; Frank Martin (#1A, #2-3), Matthew Wilson (#1B, #4-5), color artists ; VC's Cory Petit, letterer ; Adam Kubert, Frank Martin, cover art. 
264 1 |a New York, NY :  |b Marvel Worldwide, Inc.,  |c (2020)- 
264 4 |c ©2020- 
300 |a volumes :  |b chiefly color illustrations ;  |c 26 cm 
336 |a text  |b txt  |2 rdacontent 
336 |a still image  |b sti  |2 rdacontent 
337 |a unmediated  |b n  |2 rdamedia 
338 |a volume  |b nc  |2 rdacarrier 
505 0 0 |g (v. 1).  |t Wolverine --  |g v.2.  |t Wolverine [#6-12] --  |g v. 8.  |t Sabretooth war, part 1 --  |g v. 9.  |t Sabretooth war, part 2. 
520 |a "The best is back! Wolverine has been through a lot. He's been a loner. He's been a killer. He's been a hero. He's been an Avenger. He's been to hell and back. Now, as the nation of Krakoa brings together all mutantkind, can he finally be...happy? With his family all together and safe, Logan has everything he ever wanted...and everything to lose. But he's never been one to back down from a fight - not even a combined assault from Lady Deathstrike, Sabretooth and Dr. Cornelius. Yet the fearsome Flower Cartel might have enlisted his worst and greatest foe: Wolverine himself!"--Amazon. 
600 0 0 |a Wolverine  |c (Fictitious character)  |v Comic books, strips, etc. 
650 0 |a Superheroes  |v Comic books, strips, etc. 
650 0 |a Science fiction comic books, strips, etc. 
600 0 7 |a Wolverine  |c (Fictitious character)  |2 fast  |0 (OCoLC)fst01176534 
650 7 |a Science fiction comic books, strips, etc.  |2 fast  |0 (OCoLC)fst01108613 
650 7 |a Superheroes.  |2 fast  |0 (OCoLC)fst01765254 
655 7 |a Comic books, strips, etc.  |2 fast  |0 (OCoLC)fst01423722 
655 7 |a Graphic novels.  |2 lcgft 
655 7 |a Science fiction comics.  |2 lcgft 
655 7 |a Comics (Graphic works)  |2 lcgft 
700 1 |a Kubert, Adam,  |e artist,  |e cover artist. 
700 1 |a Bogdanovic, Viktor  |c (Artist),  |e artist. 
700 1 |a Martin, Frank,  |d 1981 September-  |e color artist,  |e cover artist. 
700 1 |a Wilson, Matthew,  |d 1981-  |e color artist. 
700 1 |a Petit, Cory,  |e letterer. 
994 |a C0  |b TXA 
948 |a cataloged  |b h  |c 2021/1/30  |d c  |e zliu  |f 1:51:27 pm 
999 f f |s 83ed13a4-3284-377c-a944-98af8ca2d369  |i e9340e55-85bb-3e6b-8346-c6c49a4ea591  |t 0 
952 f f |p normal  |a Texas A&M University  |b College Station  |c Sterling C. Evans Library  |s Evans stk  |d Evans: Library Stacks  |t 0  |e PN6728.W59 P47 2020  |h Library of Congress classification  |i unmediated -- volume  |k v.9  |m A14852206839 
952 f f |p normal  |a Texas A&M University  |b College Station  |c Sterling C. Evans Library  |s Evans stk  |d Evans: Library Stacks  |t 0  |e PN6728.W59 P47 2020  |h Library of Congress classification  |i unmediated -- volume  |k v.5  |m A14852539478 
952 f f |p normal  |a Texas A&M University  |b College Station  |c Sterling C. Evans Library  |s Evans stk  |d Evans: Library Stacks  |t 0  |e PN6728.W59 P47 2020  |h Library of Congress classification  |i unmediated -- volume  |k v.1  |m A14851544172 
952 f f |p normal  |a Texas A&M University  |b College Station  |c Sterling C. Evans Library  |s Evans stk  |d Evans: Library Stacks  |t 0  |e PN6728.W59 P47 2020  |h Library of Congress classification  |i unmediated -- volume  |k v.3  |m A14851850223 
952 f f |p normal  |a Texas A&M University  |b College Station  |c Sterling C. Evans Library  |s Evans stk  |d Evans: Library Stacks  |t 0  |e PN6728.W59 P47 2020  |h Library of Congress classification  |i unmediated -- volume  |k v.2  |m A14851260456 
952 f f |p normal  |a Texas A&M University  |b College Station  |c Sterling C. Evans Library  |s Evans stk  |d Evans: Library Stacks  |t 0  |e PN6728.W59 P47 2020  |h Library of Congress classification  |i unmediated -- volume  |k v.7  |m A14852097428 
952 f f |p normal  |a Texas A&M University  |b College Station  |c Sterling C. Evans Library  |s Evans stk  |d Evans: Library Stacks  |t 0  |e PN6728.W59 P47 2020  |h Library of Congress classification  |i unmediated -- volume  |k v.4  |m A14851855131 
952 f f |p normal  |a Texas A&M University  |b College Station  |c Sterling C. Evans Library  |s Evans stk  |d Evans: Library Stacks  |t 0  |e PN6728.W59 P47 2020  |h Library of Congress classification  |i unmediated -- volume  |k v.8  |m A14852527002 
952 f f |p normal  |a Texas A&M University  |b College Station  |c Sterling C. Evans Library  |s Evans stk  |d Evans: Library Stacks  |t 0  |e PN6728.W59 P47 2020  |h Library of Congress classification  |i unmediated -- volume  |k v.6  |m A14852572545 
998 f f |a PN6728.W59 P47 2020  |s v.1-9  |t 0  |l Evans: Library Stacks